[Event "XII Festival A"]
[Site "Lucca ITA"]
[Date "2000.10.15"]
[Round "5"]
[White "De Santis, Alessio"]
[Black "Franceschi, Riccardo"]
[Result "1-0"]
[WhiteElo "2309"]
[BlackElo "1785"]
[PlyCount "89"]
[EventDate "2000.10.07"]

1. d4 Nf6 2. c4 e6 3. g3 Be7 4. Bg2 O-O 5. Nf3 d5 6. O-O b6 7. Nc3 Nbd7 8. Qc2
Bb7 9. Rd1 h6 10. cxd5 exd5 11. Bf4 c6 12. e3 Re8 13. b4 Nf8 14. e4 dxe4 15.
Ne5 Nd5 16. Bxe4 Bf6 17. b5 Rc8 18. bxc6 Bxc6 19. Nxc6 Rxc6 20. Bxd5 Qxd5 21.
Nxd5 Rxc2 22. Nxf6+ gxf6 23. Bxh6 Ne6 24. Rac1 Rxa2 25. d5 Nc5 26. Be3 Ra3 27.
Bxc5 bxc5 28. Rxc5 Ra6 29. d6 Rd8 30. d7 Kf8 31. Rc7 Ke7 32. h4 f5 33. Kg2 Ra3
34. h5 Ra6 35. Kh3 Rh6 36. Kh4 a6 37. f3 Rhh8 38. g4 fxg4 39. fxg4 f6 40. Ra7
Rhf8 41. Rxa6 Rxd7 42. Rxd7+ Kxd7 43. h6 f5 44. g5 f4 45. Rf6 1-0

[Event "XII Festival A"]
[Site "Lucca ITA"]
[Date "2000.10.15"]
[Round "5"]
[White "Gorelli Fagiolini, Marco"]
[Black "Corso, Roberto"]
[Result "1/2-1/2"]
[WhiteElo "2203"]
[BlackElo "1705"]
[PlyCount "48"]
[EventDate "2000.10.07"]

1. e4 c5 2. Nf3 e6 3. d4 cxd4 4. Nxd4 a6 5. Bd3 Qc7 6. Nc3 b5 7. O-O Bb7 8. Kh1
Nf6 9. a3 d5 10. exd5 Nxd5 11. Nxd5 Bxd5 12. Qg4 Nd7 13. Bf4 Qb6 14. Nb3 Nf6
15. Qe2 Bd6 16. Bxd6 Qxd6 17. Nd2 Rd8 18. Rfd1 Qc6 19. f3 O-O 20. c3 Rb8 21. a4
Rfc8 22. axb5 axb5 23. Ra5 Bc4 24. Rda1 Nd5 1/2-1/2

[Event "XII Festival A"]
[Site "Lucca ITA"]
[Date "2000.10.15"]
[Round "5"]
[White "Innocenti, Luca"]
[Black "Frilli, Guido"]
[Result "1-0"]
[WhiteElo "1668"]
[BlackElo "1600"]
[PlyCount "69"]
[EventDate "2000.10.07"]

1. Nf3 Nf6 2. g3 g6 3. Bg2 Bg7 4. O-O d5 5. d3 O-O 6. Nbd2 Nbd7 7. e4 e5 8.
exd5 Nxd5 9. Re1 Re8 10. Nc4 N5b6 11. Bg5 f6 12. Nxb6 Nxb6 13. Bd2 Bd7 14. Nh4
c6 15. Ba5 Be6 16. c4 Qd7 17. Qc2 Nc8 18. Rad1 Ne7 19. Qe2 Nf5 20. Nxf5 Bxf5
21. Qe3 Be6 22. b3 f5 23. Bc3 Bf7 24. Qc5 Qe7 25. Qa5 Rad8 26. f4 b6 27. Qa4
Qc5+ 28. d4 exd4 29. Bb4 b5 30. Rxe8+ Bxe8 31. Bxc5 bxa4 32. Bxa7 axb3 33. axb3
Kf7 34. Bc5 Bf6 35. Kf2 1-0

[Event "XII Festival A"]
[Site "Lucca ITA"]
[Date "2000.10.15"]
[Round "5"]
[White "Jurkovic, Ante"]
[Black "Koroveshi, Thoma"]
[Result "1-0"]
[WhiteElo "2370"]
[BlackElo "2041"]
[PlyCount "99"]
[EventDate "2000.10.07"]

1. e4 c5 2. Nf3 d6 3. d4 cxd4 4. Nxd4 Nf6 5. Nc3 g6 6. Be3 Bg7 7. f3 Nc6 8. Qd2
O-O 9. Bc4 Bd7 10. Bb3 Qa5 11. h4 Rfc8 12. h5 Nxh5 13. O-O-O Ne5 14. Bh6 Bxh6
15. Qxh6 Rxc3 16. bxc3 Qxc3 17. Kb1 Nc4 18. Qc1 b5 19. Ne2 Qe3 20. Bxc4 Qxc1+
21. Kxc1 bxc4 22. Kd2 Rc8 23. Rb1 Bc6 24. Rb4 d5 25. exd5 Bxd5 26. Rhb1 Kg7 27.
Nc3 Nf6 28. Ke3 e5 29. Rb5 Bc6 30. Rxe5 Nd7 31. Ra5 Rc7 32. Kf2 h5 33. Rb4 Nb6
34. Rc5 Rc8 35. Rb1 Nd7 36. Ra5 Rc7 37. Rd1 f6 38. Rd6 Kf7 39. f4 Ke7 40. Rd4
Nb6 41. Rc5 Rc8 42. a4 g5 43. fxg5 fxg5 44. a5 Nd7 45. Rxg5 Kf6 46. Rxh5 Kg6
47. g4 Rf8+ 48. Ke1 Nf6 49. Re5 Rh8 50. Rd6 1-0

[Event "XII Festival A"]
[Site "Lucca ITA"]
[Date "2000.10.15"]
[Round "5"]
[White "Mola, Pietro"]
[Black "Bartolini, Tommaso"]
[Result "1-0"]
[WhiteElo "2250"]
[BlackElo "2165"]
[PlyCount "97"]
[EventDate "2000.10.07"]

1. e4 c5 2. Nc3 Nc6 3. g3 g6 4. Bg2 Bg7 5. d3 d6 6. Be3 Rb8 7. a4 a6 8. Nge2
Nd4 9. O-O b5 10. axb5 axb5 11. b4 Nxe2+ 12. Nxe2 cxb4 13. Qd2 Bxa1 14. Rxa1
Nf6 15. Bh6 Qb6 16. Rf1 Qc5 17. d4 Qh5 18. Bg7 Rg8 19. Nf4 Qg5 20. h4 Qg4 21.
Bxf6 exf6 22. Nd5 Kf8 23. Nxf6 Qe6 24. Nxg8 Kxg8 25. Qxb4 Bd7 26. d5 Qf6 27. c4
Rb6 28. Rb1 Qd4 29. cxb5 Qxb4 30. Rxb4 Rxb5 31. Rxb5 Bxb5 32. Bf1 Ba4 33. Bd3
Bd1 34. f4 Kf8 35. Kf2 Ke7 36. Ke3 h5 37. Kd4 Bf3 38. e5 Bg2 39. Be4 Bh3 40.
Kc4 Bf1+ 41. Kb4 Kd7 42. Ka5 Kc7 43. Kb4 Be2 44. Bc2 Bf3 45. Bb3 Bg4 46. Ba4
Bd7 47. Bxd7 Kxd7 48. Kc4 Kd8 49. Kd4 1-0

[Event "XII Festival A"]
[Site "Lucca ITA"]
[Date "2000.10.15"]
[Round "5"]
[White "Patelli, Alessandro"]
[Black "Nelli, Luca"]
[Result "1-0"]
[WhiteElo "2244"]
[BlackElo "1927"]
[PlyCount "65"]
[EventDate "2000.10.07"]

1. Nf3 Nf6 2. c4 c5 3. Nc3 b6 4. g3 Bb7 5. Bg2 g6 6. O-O Bg7 7. d4 cxd4 8. Nxd4
Bxg2 9. Kxg2 O-O 10. e4 Nc6 11. Nde2 Qc7 12. f3 Qb7 13. Be3 d6 14. Qd2 a6 15.
Rac1 b5 16. Nd5 Rab8 17. cxb5 Nxd5 18. exd5 Ne5 19. b6 Rfc8 20. b3 Nd7 21.
Rxc8+ Rxc8 22. Rc1 Rxc1 23. Qxc1 Nxb6 24. Qc6 Qxc6 25. dxc6 Nc8 26. b4 Bb2 27.
a4 Ba3 28. b5 axb5 29. axb5 Bc5 30. Bxc5 dxc5 31. Nc3 Nb6 32. c7 c4 33. Na4 1-0

[Event "XII Festival A"]
[Site "Lucca ITA"]
[Date "2000.10.15"]
[Round "5"]
[White "Riccio, Eros"]
[Black "Ambrosi, Arcangelo"]
[Result "0-1"]
[WhiteElo "2122"]
[BlackElo "1857"]
[PlyCount "96"]
[EventDate "2000.10.07"]

1. d4 Nf6 2. Nf3 d5 3. Bf4 e6 4. e3 Be7 5. c3 O-O 6. Bd3 b6 7. Nbd2 Ba6 8. Bxa6
Nxa6 9. Ne5 Nb8 10. O-O Nfd7 11. c4 Nxe5 12. Bxe5 Nc6 13. Bg3 dxc4 14. Rc1 b5
15. b3 Ba3 16. Rb1 c3 17. Ne4 Bb2 18. Qd3 b4 19. Nd2 e5 20. Qb5 exd4 21. Nc4
Qf6 22. Nxb2 cxb2 23. exd4 Rfe8 24. d5 Nd4 25. Qxb4 Rac8 26. Kh1 h5 27. h4 Re2
28. Qc4 Rc2 29. Qd3 Re8 30. Rfd1 Ree2 31. Kh2 Nf5 32. Re1 Nxg3 33. Qxg3 Qxf2
34. Rxe2 Rxe2 35. Qxf2 Rxf2 36. Kg3 Rc2 37. Kf3 Kf8 38. g3 Ke7 39. Ke4 Kd6 40.
Kd4 a5 41. a3 f6 42. b4 axb4 43. axb4 g5 44. hxg5 fxg5 45. Ke4 h4 46. gxh4 gxh4
47. Kd3 Rf2 48. Ke4 h3 0-1

[Event "XII Festival A"]
[Site "Lucca ITA"]
[Date "2000.10.15"]
[Round "5"]
[White "Tocchioni, Doriano"]
[Black "Calugi, Francesco"]
[Result "1/2-1/2"]
[WhiteElo "2250"]
[BlackElo "1804"]
[PlyCount "46"]
[EventDate "2000.10.07"]

1. d4 Nf6 2. Bg5 Ne4 3. h4 Nxg5 4. hxg5 c5 5. d5 g6 6. Nc3 Bg7 7. Qd3 Qa5 8.
O-O-O d6 9. Rh4 Bd7 10. Kb1 Na6 11. Qd2 b5 12. e4 b4 13. Nce2 Rb8 14. Nf3 Nc7
15. Nc1 Nb5 16. Bc4 Nc3+ 17. Ka1 Nxd1 18. Qxd1 Bb5 19. Nd2 Qa6 20. Qe2 O-O 21.
f4 Bxc4 22. Qxc4 Qxc4 23. Nxc4 Rbd8 1/2-1/2

[Event "XII Festival A"]
[Site "Lucca ITA"]
[Date "2000.10.15"]
[Round "5"]
[White "Zucconi, Leandro"]
[Black "Ausmins, Elmar"]
[Result "0-1"]
[WhiteElo "2171"]
[BlackElo "2324"]
[PlyCount "95"]
[EventDate "2000.10.07"]

1. Nf3 g6 2. c4 Bg7 3. g3 Nf6 4. Nc3 O-O 5. Bg2 d6 6. O-O a6 7. d3 c5 8. Rb1
Nc6 9. a3 a5 10. Bd2 e6 11. Qc1 Re8 12. Nb5 Na7 13. Nxa7 Rxa7 14. Bc3 b6 15. b4
e5 16. bxa5 bxa5 17. Qc2 h6 18. Rb8 Nd7 19. Rb5 a4 20. Rfb1 Ba6 21. Ra5 e4 22.
Nd2 d5 23. cxd5 exd3 24. exd3 Bxd3 25. Qxd3 Rxa5 26. Bxa5 Qxa5 27. Nc4 Qa6 28.
h4 Bd4 29. d6 Re6 30. Qc2 Rf6 31. Rf1 Kf8 32. Kh2 Bxf2 33. Qe4 Kg7 34. Bh3 Bd4
35. Qc2 Rxf1 36. Bxf1 Ne5 37. Qe2 Nxc4 38. Qxc4 Qxd6 39. Qxa4 Be5 40. Qg4 Qd2+
41. Qe2 Qd4 42. Qf3 Qxh4+ 43. Kg2 Qd4 44. Bb5 c4 45. Qg4 Qc3 46. Bxc4 h5 47.
Qh4 Qc2+ 48. Kf3 0-1

[Event "XII Festival A"]
[Site "Lucca ITA"]
[Date "2000.10.15"]
[Round "6"]
[White "Ambrosi, Arcangelo"]
[Black "Innocenti, Luca"]
[Result "1-0"]
[WhiteElo "1857"]
[BlackElo "1668"]
[PlyCount "98"]
[EventDate "2000.10.07"]

1. b4 Nf6 2. Bb2 d6 3. c4 g6 4. Nf3 Bg7 5. e3 O-O 6. Be2 e5 7. O-O a5 8. b5 e4
9. Ne1 Nbd7 10. d4 exd3 11. Nxd3 Ne4 12. Bxg7 Kxg7 13. a4 Ndc5 14. Nxc5 Nxc5
15. Nc3 Be6 16. e4 f5 17. exf5 Bxf5 18. Nd5 Be4 19. h3 Bxd5 20. Qxd5 Rf5 21.
Qd4+ Kg8 22. Ra3 Re5 23. Bd1 Qe7 24. f4 Re4 25. Qd2 Re8 26. f5 Re1 27. Raf3
Rxf1+ 28. Kxf1 Qe4 29. f6 Qxc4+ 30. Be2 Qf7 31. Qxa5 Ne4 32. Qb4 Nxf6 33. Qb2
Kg7 34. a5 Qe6 35. a6 Qe5 36. Qxe5 Rxe5 37. a7 Re8 38. g4 Ra8 39. Ra3 Ne4 40.
Bf3 Nc5 41. Ke2 Kf6 42. Ke3 Ke7 43. Bd1 g5 44. Bc2 h6 45. Kd4 Ne6+ 46. Ke3 d5
47. Bf5 c5 48. Ra5 Kd6 49. Bxe6 Kxe6 1-0

[Event "XII Festival A"]
[Site "Lucca ITA"]
[Date "2000.10.15"]
[Round "6"]
[White "Ausmins, Elmar"]
[Black "Mola, Pietro"]
[Result "1-0"]
[WhiteElo "2324"]
[BlackElo "2250"]
[PlyCount "83"]
[EventDate "2000.10.07"]

1. d4 Nf6 2. c4 e6 3. Nf3 b6 4. Nc3 Bb4 5. Qb3 c5 6. d5 O-O 7. Bg5 exd5 8. cxd5
d6 9. O-O-O Bxc3 10. bxc3 Nbd7 11. e3 a6 12. Bd3 b5 13. Qc2 Qb6 14. g4 c4 15.
Bf5 Re8 16. Rd4 h6 17. h4 b4 18. cxb4 Qxb4 19. Bf4 Rb8 20. Kd1 Qa3 21. Nd2 Ne5
22. Bxc8 Rexc8 23. Bxe5 dxe5 24. Rxc4 Rd8 25. e4 Nxg4 26. Rc3 Qb4 27. Ke2 Qd4
28. Rf1 Nf6 29. Rc4 Qa7 30. Rc7 Qd4 31. Rc4 Qa7 32. Rc7 Qd4 33. Qc4 Rb2 34.
Qxd4 exd4 35. f3 Rdb8 36. Rfc1 R8b4 37. R1c2 Rxc2 38. Rxc2 Nh5 39. Rc8+ Kh7 40.
Rc1 Nf4+ 41. Kd1 Nd3 42. Ra1 1-0

[Event "XII Festival A"]
[Site "Lucca ITA"]
[Date "2000.10.15"]
[Round "6"]
[White "Bardi, Massimo"]
[Black "Amato, Giampiero"]
[Result "1/2-1/2"]
[WhiteElo "1803"]
[BlackElo "1752"]
[PlyCount "66"]
[EventDate "2000.10.07"]

1. e4 c5 2. Nf3 d6 3. d4 cxd4 4. Nxd4 Nf6 5. Nc3 g6 6. f4 Nc6 7. Nxc6 bxc6 8.
e5 Nd7 9. exd6 exd6 10. Be3 Be7 11. Qf3 d5 12. O-O-O O-O 13. Bd4 Nf6 14. h3 Qa5
15. g4 Bb7 16. g5 Nd7 17. Bg2 Rab8 18. Qg4 Nb6 19. Rhe1 Bb4 20. Qh4 c5 21. Bf6
Bxc3 22. Qh6 Bxb2+ 23. Bxb2 d4 24. f5 gxf5 25. g6 hxg6 26. Rg1 Qxa2 27. Rxd4
Qxb2+ 28. Kxb2 cxd4 29. h4 Nc4+ 30. Kc1 Ne3 31. Bd5 Bxd5 32. Rxg6+ fxg6 33.
Qxg6+ Kh8 1/2-1/2

[Event "XII Festival A"]
[Site "Lucca ITA"]
[Date "2000.10.15"]
[Round "6"]
[White "Bini, Lorenzo"]
[Black "Gorelli Fagiolini, Marco"]
[Result "0-1"]
[WhiteElo "2065"]
[BlackElo "2203"]
[PlyCount "88"]
[EventDate "2000.10.07"]

1. d3 d5 2. f4 Nf6 3. Nf3 g6 4. c3 Bg7 5. g3 O-O 6. Bg2 c6 7. Qc2 Qb6 8. e3
Nbd7 9. O-O Ng4 10. Qe2 e5 11. h3 Nh6 12. Kh2 exf4 13. exf4 Qc7 14. Be3 Re8 15.
Qd2 b6 16. Na3 Ba6 17. Rfe1 Nc5 18. Bf1 Nf5 19. Bf2 h5 20. Kg1 Bh6 21. b4 Nd7
22. h4 Bg7 23. Rac1 Bb7 24. Nd4 Nxd4 25. Bxd4 Bxd4+ 26. cxd4 a6 27. Re3 Qd6 28.
Rce1 Rxe3 29. Rxe3 a5 30. Nc2 axb4 31. Ne1 Nf6 32. Bh3 Bc8 33. Bxc8 Rxc8 34.
Qe2 c5 35. Nf3 c4 36. Ng5 c3 37. Qc2 Ng4 38. Re2 Nh6 39. Kg2 Nf5 40. Qa4 Kg7
41. Qc2 Qc7 42. Qa4 c2 43. Qxb4 c1=Q 44. Re7 Qxe7 0-1

[Event "XII Festival A"]
[Site "Lucca ITA"]
[Date "2000.10.15"]
[Round "6"]
[White "Calugi, Francesco"]
[Black "Corso, Roberto"]
[Result "1/2-1/2"]
[WhiteElo "1804"]
[BlackElo "1705"]
[PlyCount "50"]
[EventDate "2000.10.07"]

1. e4 c5 2. Nf3 e6 3. d4 cxd4 4. Nxd4 a6 5. Bd3 Qc7 6. Qe2 b5 7. O-O Bb7 8. a4
bxa4 9. Nc3 a3 10. Nd1 axb2 11. Bxb2 Nf6 12. Nc3 Nc6 13. Nxc6 Qxc6 14. Kh1 d5
15. exd5 Nxd5 16. Be4 Qc5 17. Nxd5 Bxd5 18. Bxd5 Qxd5 19. Rxa6 Rxa6 20. Qxa6 f6
21. c4 Qd6 22. Qa4+ Kf7 23. Rd1 Qb6 24. Qd7+ Be7 25. Ba3 Re8 1/2-1/2

[Event "XII Festival A"]
[Site "Lucca ITA"]
[Date "2000.10.15"]
[Round "6"]
[White "De Santis, Alessio"]
[Black "Zucconi, Leandro"]
[Result "1-0"]
[WhiteElo "2309"]
[BlackElo "2171"]
[PlyCount "63"]
[EventDate "2000.10.07"]

1. d4 e6 2. c4 d5 3. Nc3 Be7 4. cxd5 exd5 5. Bf4 Nf6 6. e3 c6 7. Bd3 Nbd7 8. h3
Nf8 9. Nf3 Ng6 10. Bh2 Bd6 11. Ne5 Qe7 12. f4 O-O 13. O-O Bd7 14. g4 Rfe8 15.
Qf3 Bc7 16. g5 Ne4 17. Nxe4 dxe4 18. Bxe4 Nxe5 19. fxe5 Qxg5+ 20. Kh1 Be6 21.
Bf4 Qh4 22. Kh2 Rad8 23. Rg1 f5 24. Bc2 h6 25. Rg6 Kh8 26. Rag1 Rd7 27. Bg3 Qe7
28. Qh5 Qf8 29. Bf4 Kh7 30. Rxe6 Rxe6 31. Bxf5+ g6 32. Rxg6 1-0

[Event "XII Festival A"]
[Site "Lucca ITA"]
[Date "2000.10.15"]
[Round "6"]
[White "Franceschi, Riccardo"]
[Black "Donatini, Andrea"]
[Result "1/2-1/2"]
[WhiteElo "1785"]
[BlackElo "1824"]
[PlyCount "85"]
[EventDate "2000.10.07"]

1. c4 Nf6 2. Nc3 e6 3. g3 c5 4. Bg2 Nc6 5. e3 Be7 6. Nge2 Ne5 7. d3 O-O 8. b3
d5 9. d4 cxd4 10. exd4 Ng6 11. O-O b6 12. a3 Ba6 13. Nb5 Bxb5 14. cxb5 Rc8 15.
Bb2 Qd7 16. Qd3 Ne8 17. f4 Nd6 18. a4 f5 19. Nc3 Ne4 20. Rfc1 Bb4 21. Na2 Bd6
22. Rxc8 Rxc8 23. Rc1 Rxc1+ 24. Bxc1 Qc7 25. Kf1 Ne7 26. Ke2 Kf7 27. Bd2 Ng8
28. Be1 Ngf6 29. Bf3 h6 30. Kd1 g5 31. fxg5 hxg5 32. Qc2 Qxc2+ 33. Kxc2 g4 34.
Bxe4 Nxe4 35. Bd2 Kf6 36. Bf4 Bxf4 37. gxf4 Ke7 38. Kd3 Kd6 39. Nb4 Nf2+ 40.
Ke2 Ne4 41. Nc6 a5 42. Ne5 Nf6 43. Nd3 1/2-1/2

[Event "XII Festival A"]
[Site "Lucca ITA"]
[Date "2000.10.15"]
[Round "6"]
[White "Frilli, Guido"]
[Black "Casarosa, Michele"]
[Result "1/2-1/2"]
[WhiteElo "1600"]
[BlackElo "1786"]
[PlyCount "70"]
[EventDate "2000.10.07"]

1. e4 c5 2. Nc3 e6 3. g3 Nc6 4. Bg2 Nf6 5. d3 d5 6. f4 Be7 7. e5 Nd7 8. Nf3 a6
9. O-O b5 10. Kh1 Qb6 11. Bd2 Bb7 12. Ne2 O-O-O 13. c3 h6 14. d4 cxd4 15. cxd4
Rhg8 16. Rc1 Kb8 17. Be3 g5 18. Ne1 f6 19. Nd3 fxe5 20. fxe5 Ncxe5 21. Nxe5
Nxe5 22. dxe5 Qxe3 23. Nd4 Qxe5 24. Re1 Qd6 25. Rxe6 Qd7 26. Nc6+ Bxc6 27.
Rcxc6 Bc5 28. Rxh6 Rc8 29. Rxc8+ Rxc8 30. Bh3 Qe7 31. Rxa6 Qe3 32. Qf1 Bb6 33.
Ra3 Rc1 34. Rxe3 Bxe3 35. Qxc1 Bxc1 1/2-1/2

[Event "XII Festival A"]
[Site "Lucca ITA"]
[Date "2000.10.15"]
[Round "6"]
[White "Masullo, Andrea"]
[Black "Riccio, Eros"]
[Result "0-1"]
[WhiteElo "1837"]
[BlackElo "2122"]
[PlyCount "122"]
[EventDate "2000.10.07"]

1. e4 Nf6 2. e5 Nd5 3. d4 d6 4. c4 Nb6 5. f4 dxe5 6. fxe5 Nc6 7. Be3 Bf5 8. Nf3
e6 9. Be2 Qd7 10. O-O Be7 11. Nc3 Rd8 12. Qd2 O-O 13. Bd3 f6 14. Bxf5 exf5 15.
Qe2 fxe5 16. d5 Nd4 17. Nxd4 exd4 18. Bxd4 c6 19. Rad1 cxd5 20. Bxb6 axb6 21.
Rxd5 Bc5+ 22. Kh1 Qc8 23. Qd3 g6 24. Na4 Rfe8 25. a3 Rxd5 26. Qxd5+ Qe6 27.
Nxc5 Qxd5 28. cxd5 bxc5 29. Rd1 Kf7 30. Kg1 Rd8 31. Kf2 Kf6 32. Kf3 Rd7 33. h4
h6 34. d6 Ke5 35. Re1+ Kxd6 36. Kf4 Rf7 37. Re2 Kd5 38. Re3 b5 39. Rb3 Kc6 40.
Rg3 Rf6 41. Re3 Kd5 42. Rb3 Kc4 43. Rc3+ Kd4 44. Rb3 Kc4 45. Rc3+ Kd5 46. Rb3
Kc6 47. Re3 c4 48. Rc3 Re6 49. Kf3 Re4 50. g3 Kc5 51. Rc2 Kd5 52. Rd2+ Rd4 53.
Re2 g5 54. hxg5 hxg5 55. Kf2 Rd3 56. Kg2 c3 57. bxc3 Rxc3 58. Rf2 Ke4 59. Rb2
Rc5 60. Kh3 Kd3 61. Rb4 Ke3 0-1

[Event "XII Festival A"]
[Site "Lucca ITA"]
[Date "2000.10.15"]
[Round "6"]
[White "Nelli, Luca"]
[Black "Koroveshi, Thoma"]
[Result "1-0"]
[WhiteElo "1927"]
[BlackElo "2041"]
[PlyCount "69"]
[EventDate "2000.10.07"]

1. c4 b6 2. Nc3 Bb7 3. e4 c5 4. g3 g6 5. Bg2 Bg7 6. Nge2 Nc6 7. O-O e6 8. d3
Nge7 9. Be3 O-O 10. d4 cxd4 11. Nxd4 a6 12. Rc1 Na5 13. Na4 b5 14. Nc5 d6 15.
Nxb7 Nxb7 16. cxb5 axb5 17. Qb3 Nc5 18. Qxb5 Rxa2 19. b4 Bxd4 20. Bxd4 Nb3 21.
Rcd1 Nxd4 22. Rxd4 e5 23. Rd3 Qc7 24. Rdd1 Rb8 25. Rc1 Qa7 26. Qd3 Rxb4 27.
Qxd6 Rbb2 28. Qf6 h5 29. Rcd1 Nc6 30. Rd6 Qe7 31. Rxc6 Qxf6 32. Rxf6 Kg7 33.
Rf3 h4 34. gxh4 Re2 35. h5 1-0

[Event "XII Festival A"]
[Site "Lucca ITA"]
[Date "2000.10.15"]
[Round "6"]
[White "Patelli, Alessandro"]
[Black "Jurkovic, Ante"]
[Result "1/2-1/2"]
[WhiteElo "2244"]
[BlackElo "2370"]
[PlyCount "100"]
[EventDate "2000.10.07"]

1. Nf3 g6 2. c4 Bg7 3. Nc3 d6 4. d4 Nf6 5. e4 O-O 6. Be2 e5 7. O-O Na6 8. Be3
Ng4 9. Bg5 Qe8 10. Qd2 f6 11. Bh4 Bh6 12. Qc2 f5 13. Rfe1 Kh8 14. Bf1 f4 15. h3
exd4 16. Nxd4 Ne5 17. f3 Bxh3 18. gxh3 c5 19. Bf2 cxd4 20. Bxd4 Bg7 21. Bxe5
Bxe5 22. Nb5 Qe7 23. Rad1 Nc5 24. Re2 Ne6 25. Red2 Rfd8 26. b4 a6 27. Nc3 Qh4
28. Rd3 Rac8 29. Ne2 b5 30. c5 dxc5 31. Rxd8+ Rxd8 32. bxc5 Rxd1 33. Qxd1 Qe7
34. Qd5 Qxc5+ 35. Qxc5 Nxc5 36. Nc1 Bd6 37. Kf2 Kg7 38. Nd3 Na4 39. e5 Bc5+ 40.
Ke1 g5 41. h4 Kg6 42. hxg5 Kxg5 43. e6 Bd6 44. Kd2 Kf6 45. Bh3 Nb6 46. Kc3 Nd5+
47. Kd4 Ne7 48. Ke4 Kg5 49. Bf1 h5 50. Bg2 Kh4 1/2-1/2

[Event "XII Festival A"]
[Site "Lucca ITA"]
[Date "2000.10.15"]
[Round "6"]
[White "Tocchioni, Doriano"]
[Black "Bartolini, Tommaso"]
[Result "0-1"]
[WhiteElo "2250"]
[BlackElo "2165"]
[PlyCount "56"]
[EventDate "2000.10.07"]

1. d4 f5 2. g4 fxg4 3. h3 g3 4. fxg3 c5 5. Nf3 cxd4 6. Nxd4 Qc7 7. Qd3 Na6 8.
Bg2 Nf6 9. Nb5 Qd8 10. Bf4 d6 11. Be3 g6 12. Nd2 Bg7 13. Qb3 d5 14. g4 e6 15.
g5 Nh5 16. O-O Ng3 17. Rf6 Nf5 18. Rxf5 gxf5 19. Qa3 Qe7 20. Nd6+ Kd7 21. N2c4
b5 22. Rd1 Nc7 23. Bc5 Qxg5 24. Nf7 Qf4 25. e4 Rg8 26. Bd6 Qxe4 27. Bxc7 Qxg2+
28. Kxg2 Bxb2+ 0-1